New Mechanical Engineering Dictionary (Record no. 18439)

MARC details
000 -LEADER
fixed length control field 00289nam a22001217a 4500
005 - DATE AND TIME OF LATEST TRANSACTION
control field 20230524092300.0
008 - FIXED-LENGTH DATA ELEMENTS--GENERAL INFORMATION
fixed length control field 230524b |||||||| |||| 00| 0 eng d
082 ## - DEWEY DECIMAL CLASSIFICATION NUMBER
Classification number 620.003
Item number PUB-N
245 ## - TITLE STATEMENT
Title New Mechanical Engineering Dictionary
300 ## - PHYSICAL DESCRIPTION
Pages 740
650 ## - SUBJECT ADDED ENTRY--TOPICAL TERM
Subject / Department Engineering
952 ## - LOCATION AND ITEM INFORMATION (KOHA)
-- 0
-- 0
952 ## - LOCATION AND ITEM INFORMATION (KOHA)
-- 0
-- 0
Holdings
Lost status Damaged status Permanent Location Current Location Shelving Location Date acquired Full Call Number Accession No./Barcode Date last seen Copy number item type
    Superior Information Resource Center (SIRC) Superior University- Main Campus Superior Information Resource Center (SIRC) Superior University- Main Campus Engineering 05/24/2023 620.003 PUB-N 1996 15657 05/24/2023 1 BOOK
    Superior Information Resource Center (SIRC) Superior University- Main Campus Superior Information Resource Center (SIRC) Superior University- Main Campus Engineering 05/24/2023 620.003 PUB-N 1996 15658 05/24/2023 2 BOOK

Powered by Koha